[Event "Philadelphia op 11th"]
[Site "Philadelphia"]
[Date "2017.04.14"]
[Round "4"]
[White "Lederer, Yoav"]
[Black "Duran, Reinaldo"]
[Result "1/2-1/2"]
[WhiteElo "2317"]
[BlackElo "2126"]
[PlyCount "83"]
[EventDate "2017.04.12"]
[EventType "swiss"]
[EventRounds "9"]
[EventCountry "USA"]
[SourceTitle "EXT 2018"]
[Source "ChessBase"]
[SourceDate "2017.10.13"]
[SourceVersion "1"]
[SourceVersionDate "2017.10.13"]
[SourceQuality "1"]

1. Nf3 c5 2. c4 Nf6 3. Nc3 d5 4. cxd5 Nxd5 5. g3 Nc6 6. Bg2 Nc7 7. a3 e5 8. b4 f6 9. Rb1 Be7 10. bxc5 Bxc5 11. 0-0 0-0 12. Qc2 Be7 13. e3 f5 14. d4 e4 15. Nd2 Rb8 16. f3 exf3 17. Bxf3 Be6 18. Nb3 Nd5 19. Nxd5 Bxd5 20. Nc5 Bxf3 21. Rxf3 Qd5 22. Qb3 Qxb3 23. Nxb3 Rbd8 24. Nd2 b6 25. Rb5 g6 26. Bb2 Rc8 27. Nb3 Nb8 28. d5 Nd7 29. Nd4 Ne5 30. Rf1 Nc4 31. Nc6 Bg5 32. Bc1 Rfe8 33. e4 Bxc1 34. Rxc1 Nd6 35. Rbb1 Rxe4 36. Nxa7 Rxc1+ 37. Rxc1 Ra4 38. Nc8 Nxc8 39. Rxc8+ Kg7 40. Rc7+ Kf6 41. Rxh7 Rxa3 42. Rb7 1/2-1/2

[Event "San Cristobal Bolivar op 1st"]
[Site "San Cristobal"]
[Date "2012.09.29"]
[Round "8"]
[White "Marichal Gonzalez, Ariel"]
[Black "Duran, Reinaldo"]
[Result "0-1"]
[WhiteElo "2306"]
[BlackElo "2126"]
[PlyCount "86"]
[EventDate "2012.09.25"]
[EventType "swiss"]
[EventRounds "10"]
[EventCountry "VEN"]
[SourceTitle "EXT 2013"]
[Source "ChessBase"]
[SourceDate "2012.11.22"]
[SourceVersion "1"]
[SourceVersionDate "2012.11.22"]
[SourceQuality "1"]

1. c4 Nf6 2. d4 e6 3. Nc3 c5 4. d5 exd5 5. cxd5 d6 6. e4 g6 7. h3 Bg7 8. Nf3 0-0 9. Bg5 a6 10. Bd3 b5 11. a3 Nbd7 12. 0-0 Re8 13. Qd2 Qc7 14. Rfe1 Rb8 15. Rac1 b4 16. axb4 Rxb4 17. Na2 Rb3 18. Bc4 Rb6 19. Nc3 Rb4 20. b3 Nb6 21. e5 dxe5 22. d6 Nxc4 23. bxc4 Qd7 24. Bxf6 Bxf6 25. Nd5 Bg7 26. Nxb4 cxb4 27. Nd4 Rd8 28. Nb3 Qc6 29. c5 Bb7 30. f3 Qa4 31. Qc2 Bc6 32. Qc4 Bb5 33. Qc2 Bc6 34. Red1 e4 35. fxe4 Bc3 36. Rf1 Qb5 37. Rf3 Qc4 38. Rxc3 bxc3 39. Qxc3 Qxe4 40. Qd2 Rb8 41. Na5 h5 42. Re1 Qf5 43. Qd1 Qxc5+ 0-1

[Event "Barbera del Valles op 34th"]
[Site "Barbera del Valles"]
[Date "2011.07.11"]
[Round "8"]
[White "Duran, Reinaldo"]
[Black "Phadke, Sohan"]
[Result "0-1"]
[WhiteElo "2098"]
[BlackElo "2252"]
[PlyCount "51"]
[EventDate "2011.07.04"]
[EventType "swiss"]
[EventRounds "9"]
[EventCountry "ESP"]
[SourceTitle "CBM 143 Extra"]
[Source "ChessBase"]
[SourceDate "2011.08.29"]
[SourceVersion "1"]
[SourceVersionDate "2011.08.29"]
[SourceQuality "1"]

1. d4 Nf6 2. c4 g6 3. g3 Bg7 4. Bg2 d5 5. cxd5 Nxd5 6. e4 Nb6 7. Ne2 e5 8. Nbc3 exd4 9. Nb5 a6 10. Nbxd4 c5 11. Nb3 Qxd1+ 12. Kxd1 Na4 13. Kc2 Nc6 14. Nc3 b5 15. Nxa4 bxa4 16. Nxc5 a3 17. e5 Bf5+ 18. Kb3 Rb8+ 19. Kxa3 Nxe5 20. Bd5 Rb5 21. Be3 0-0 22. Rad1 Rfb8 23. b3 Ra5+ 24. Na4 Bf8+ 25. Kb2 Rxa4 26. Bf4 0-1

[Event "Barbera del Valles op 34th"]
[Site "Barbera del Valles"]
[Date "2011.07.08"]
[Round "5"]
[White "Duran, Reinaldo"]
[Black "Mingarro Carceller, Sergi"]
[Result "1-0"]
[WhiteElo "2098"]
[BlackElo "2069"]
[PlyCount "75"]
[EventDate "2011.07.04"]
[EventType "swiss"]
[EventRounds "9"]
[EventCountry "ESP"]
[SourceTitle "CBM 143 Extra"]
[Source "ChessBase"]
[SourceDate "2011.08.29"]
[SourceVersion "1"]
[SourceVersionDate "2011.08.29"]
[SourceQuality "1"]

1. e4 e6 2. d4 d5 3. Nc3 Nf6 4. e5 Nfd7 5. f4 c5 6. Nf3 Nc6 7. Be3 a6 8. Qd2 b5 9. a3 Bb7 10. Ne2 Qb6 11. dxc5 Bxc5 12. Ned4 b4 13. axb4 Nxb4 14. c3 a5 15. Be2 Ba6 16. 0-0 Nc6 17. Bf2 Bxe2 18. Qxe2 0-0 19. Rad1 Ne7 20. g4 Bxd4 21. Nxd4 Qc7 22. Bg3 Qb6 23. f5 Nc5 24. f6 Ng6 25. fxg7 Rfb8 26. Qf3 Ra7 27. h4 Ne4 28. h5 Nxg3 29. Qxg3 Ne7 30. Qf2 Nc8 31. Qf6 Rd7 32. Rf2 Na7 33. h6 Nc6 34. Nxe6 Qb3 35. Rdf1 Qc4 36. Ng5 Qxg4+ 37. Rg2 Qh5 38. Qf5 1-0

[Event "Barbera del Valles op 34th"]
[Site "Barbera del Valles"]
[Date "2011.07.07"]
[Round "4"]
[White "Amores Gago, Javier"]
[Black "Duran, Reinaldo"]
[Result "1-0"]
[WhiteElo "2041"]
[BlackElo "2098"]
[PlyCount "77"]
[EventDate "2011.07.04"]
[EventType "swiss"]
[EventRounds "9"]
[EventCountry "ESP"]
[SourceTitle "CBM 143 Extra"]
[Source "ChessBase"]
[SourceDate "2011.08.29"]
[SourceVersion "1"]
[SourceVersionDate "2011.08.29"]
[SourceQuality "1"]

1. e4 c5 2. Nc3 Nc6 3. g3 g6 4. Bg2 Bg7 5. d3 e6 6. f4 d6 7. Nf3 Nge7 8. 0-0 0-0 9. Ne2 e5 10. c3 d5 11. Nxe5 Nxe5 12. fxe5 d4 13. c4 Nc6 14. Nf4 Nxe5 15. h3 b5 16. b3 Rb8 17. Ba3 b4 18. Bc1 a5 19. a3 Bd7 20. axb4 axb4 21. Qc2 Ra8 22. Bb2 Qb6 23. Nd5 Qd6 24. Rxa8 Rxa8 25. Bc1 Ra1 26. Bf4 Qa6 27. Rxa1 Qxa1+ 28. Kh2 h6 29. Qd2 g5 30. Bxg5 hxg5 31. Qxg5 Qa6 32. Qd8+ Kh7 33. Ne7 Qf6 34. Qg8+ Kh6 35. Qd8 Qf2 36. Nf5+ Bxf5 37. Qh4+ Kg6 38. exf5+ Kxf5 39. g4+ 1-0